00650nam a2200229Ia 4500001000600000003000900006008004100015040001300056040001300069041001300082100003000095100002900125245004300154245002200197250001100219260001100230260001400241260004900255300005500304650003000359650003100389 8743IT-RoPAU130308s9999 xx 000 0 und d aIT-RoPAU cIT-RoPAU aITALIANO aLuciani Arturo Sebastiano gCodice Aut. SPICS: 4461 aVerso una nuova arte: il cinematografo bLeggere Il Cinema a1a ed. aMILANO bMondadori c1978 [1° Ed.:1978 - Ed.Ling.Originale:1920] a"5 p. (prefazione: no ; testo: 5 [pagine: 48-52])" aTEORICHE CINEMATOGRAFICHE eCodice materia Spics: 6805